| 000 | 01705nam0a22003011 4500 | ||
|---|---|---|---|
| 001 | v19\rc\1622987 | ||
| 005 | 20260406185721.0 | ||
| 035 | _a(NLR Aleph) 004740153 | ||
| 090 |
_a4489178 _c4489178 |
||
| 100 | _a20251228 rusy50 | ||
| 101 | 0 | _arus | |
| 102 | _aRU | ||
| 105 | _ay c ||||| | ||
| 200 | 1 |
_aСистематический указатель к Университетским известиям за 1884-96 гг. _f[Сост. И.П. Козловским _gПод ред. В.С. Иконникова] |
|
| 210 |
_aКиев _cтип. имп. Ун-та св. Владимира. Н.Т. Корчак-Новицкого _d1898 |
||
| 215 |
_a[2], 62 с. _d25 |
||
| 311 | _aОтт. из Университетских известий за 1898 г. | ||
| 488 | 0 |
_12001#$aУниверситетские известия$v1898 _tУниверситетские известия |
|
| 532 | 1 | 1 | _aСистематический указатель к Университетским известиям за тысяча восемьсот восемьдесят четвертый - девяносто шестой гг. |
| 702 | 1 |
_4220 _7ca _8rus _aКозловский _bИ. П. _f1870-1943 _gИван Павлович _3RU\NLR\AUTH\770288028 _92690947 |
|
| 702 | 1 |
_4340 _8rus _7ca _aИконников _bВ. С. _f1841-1923 _gВладимир Степанович _3RU\NLR\AUTH\7756254 _939186 |
|
| 710 | 0 | 2 |
_aУниверситет св. Владимира _cКиев _b"Известия...", журнал _bУказатели _3RU\NLR\AUTH\889951432 _9398825 |
| 801 | 0 |
_aRU _bNLR _gpsbo |
|
| 801 | 1 |
_aRU _bProSoft-M _2rusmarc |
|
| 852 |
_aNLR _j741Ун/1(5) |
||
| 942 | _cBOOK | ||
| 980 | _aNB | ||